| 000 | 00669cam a2200241 4500 | ||
|---|---|---|---|
| 008 | 090401t1994 xxu||||| |||| 00| 0 eng d | ||
| 020 | _a1858351235 | ||
| 035 | _a(Sirsi) u25298 | ||
| 041 | _aeng | ||
| 050 | _a658.314 | ||
| 100 | _aMoores, Roger | ||
| 245 | _aManaging for high performance : a practical guide. | ||
| 260 |
_aLondon _bIndustrial Society _c1994 |
||
| 300 | _a153p. : ill. ; 21cm. | ||
| 350 | _a6.95 | ||
| 490 |
_aManagers Pocket Guides _vp3 |
||
| 650 | _aMOTIVATION | ||
| 650 | _aPERSONNEL MANAGEMENT | ||
| 650 | _aSTAFF PERFORMANCE | ||
| 690 | _aMANAGEMENT-BUSINESS MANAGEMENT-PROFESSIONAL PRACTICE | ||
| 942 | _n0 | ||
| 948 | _c04/03/1997 | ||
| 999 |
_c88713 _d88713 |
||